000 00703cam a22002533a 4500
001 24040
003 PGUSA
005 20140828083520.0
008 071226s2007||||xxu|||||s|||||000 | eng d
040 _aPGUSA
_beng
042 _adc
050 4 _aBJ
100 1 _aHong, Zicheng, active 1596
245 1 0 _a菜根譚前後集
_h[electronic resource] /
_cZicheng, active 1596 Hong
260 _bProject Gutenberg,
_c2007
506 _aPublic domain in the USA.
516 _aElectronic text
653 _aConduct of life
653 _aEthics -- China
740 0 _aCai Gen Tan Qian Hou Ji
830 0 _aProject Gutenberg
_v24040
856 4 0 _uhttp://www.gutenberg.org/ebooks/24040
942 _cEB
999 _c253295
_d253295